000 01329nam a2200349Ia 4500
001 ebr10627418
003 CaPaEBR
006 m u
007 cr cn|||||||||
008 091105s2010 enkab sb 001 0 eng d
020 _z1906523304
020 _z9781906523305
020 _z9781906523534
040 _aCaPaEBR
_cCaPaEBR
035 _a(OCoLC)778468936
050 1 4 _aJC423
_b.S85 2010eb
100 1 _aSwift, Richard.
245 1 4 _aThe no-nonsense guide to democracy
_h[electronic resource] /
_cRichard Swift.
250 _aFully rev. and updated.
260 _aOxford, UK :
_bNew Internationalist,
_c2010.
300 _a152 p. :
_bill., map.
490 1 _aNo-nonsense guides
500 _aPrevious ed.: London: Verso, 2002.
504 _aIncludes bibliographical references and index.
533 _aElectronic reproduction.
_bPalo Alto, Calif. :
_cebrary,
_d2011.
_nAvailable via World Wide Web.
_nAccess may be limited to ebrary affiliated libraries.
650 0 _aDemocracy.
650 0 _aDemocracy
_xEconomic aspects.
655 7 _aElectronic books.
_2local
710 2 _aebrary, Inc.
830 0 _aNo-nonsense guides (New Internationalist Publications (Firm))
856 4 0 _uhttp://site.ebrary.com/lib/rucke/Doc?id=10627418
_zAn electronic book accessible through the World Wide Web; click to view
999 _c50382
_d50382